000 00394nam a22001331a 4500
020 _c0.00
040 _aSSUS - Library - Kalady
100 _aSanthoshkumar K
245 _aP Kesavadevinte 'Bhranthalayam' inn novelinte ethivruthavum kathapathrangalude realistic swabhavavum oru padanam
_h[M.Phil Dissertation]
260 _c1997
300 _a60p.
852 _90.00
_r
942 _cBK
999 _c32910
_d32910